Quizzes
Events
Quiz Creation
Community
Videos
Private Events
Remove Ads
Sign In
Join for FREE
Feedback
Dark Mode
Quiz Categories
Sports
Geography
Music
Movies
Television
Just For Fun
Miscellaneous
History
Literature
Language
Science
Gaming
Entertainment
Religion
Holiday
For Kids
Quiz Lab
Recent
Popular Today
Quiz Kudos Today
Editor Picks
Curator Picks
Quizzes by...
Day
Popularity
Type
Ratings
Length
Year
Community
Subscriptions
Recent Discussions
Orange Saloon
Badges
Playlists
Quests
Create
Leaderboards
Showdown
Live 5
Trivia Bingo
Activity
Puzzle Library
Sporcle Events
Private Events
Virtual Trivia
Globe League
Become a Host
Pub Owners
SporcleCon
Opinionation
Our Games
Videos
Blog
Mobile Apps
Partnerships
Remove Ads and Go Orange
Feedback
Sports
Athletes
MLB
NBA
NHL
NFL
Soccer
Sports Teams
WWE
NCAA
Football
Premier League
Basketball
Baseball
Hockey
Golf
Tennis
Cricket
Rugby
Auto Racing
Olympics
World Cup
Sports
Athletes
MLB
NBA
NHL
NFL
Soccer
Sports Teams
WWE
NCAA
Football
Premier League
Basketball
Baseball
Hockey
Golf
Tennis
Cricket
Rugby
Auto Racing
Olympics
World Cup
Random Quiz
Search Sporcle
×
Quiz Lab
Quiz Lab
Sports
Continent
Type in answers that appear in a list
Type in answers that appear in a list
Classic
Best Score? Go Orange.
Qualified teams for South Africa 2010 Stats
Can you name the Qualified teams for South Africa 2010?
By
MrAdamHill
5m
32 Questions
232 Plays
232 Plays
232 Plays
Comments
Comments
Give Quiz Kudos
Give Quiz Kudos
-
- Ratings
hide this ad
Replay
Link that replays current quiz
Next Quiz
Link to next quiz in quiz playlist
You Got
0%
They Got
Avg Score
86%
Avg Friend Score
Upgrade to see
Score Distribution
Jump to the score distribution portion of the page
Score
0/32
Timer
05:00
0
Plays Today
Fifa Continent
Team
% Correct
Europe
Spain
96.6%
South America
Argentina
96.1%
South America
Brazil
96.1%
Europe
Italy
95.7%
Asia
Japan
94.8%
Europe
Germany
94.8%
North, Central America and Caribbean
USA
94.4%
Africa
South Africa
94.4%
Europe
England
93.5%
Asia
South Korea
91.8%
North, Central America and Caribbean
Mexico
91.8%
Europe
The Netherlands
90.1%
South America
Chile
90.1%
Asia
Australia
89.7%
South America
Paraguay
87.1%
Africa
Nigeria
82.3%
Fifa Continent
Team
% Correct
Europe
Denmark
81%
Asia
North Korea
80.2%
Africa
Cote De Ivoire
79.3%
Europe
Switzerland
77.6%
North, Central America and Caribbean
Honduras
76.3%
Europe
France
70.7%
Europe
Slovakia
70.3%
Oceania
New Zealand
68.5%
Europe
Portugal
67.2%
Europe
Serbia
66.4%
Africa
Ghana
65.5%
South America
Uruguay
65.1%
Africa
Cameroon
59.9%
Europe
Greece
59.1%
Africa
Algeria
56%
Europe
Slovenia
56%
Quiz Playlist
Details
Report
Send in Message
Add To Playlist
Classic:
Type in answers that appear in a list
Quiz Source
Last Updated: Feb 16, 2017
Quiz Scoreboard
CHALLENGE
Sign Up to Join the Scoreboard
Show All
Scores
Hide
Comments
May contain spoilers
Recently Published
9x9 Crossword: Cartoon Network
by jackfrog10
Miscellaneous
3m
College Basketball Coaching Resumes
by pancakes188
Sports
9m
Billboard Blitz: Fleetwood Mac
by CooCooCachoo
Music
15s
More to Explore
Quiz From the Vault
Featured Blog Post
Where Did the Easter Bunny Come From?
hide this ad
You Might Also Like...
Tags
Africa Quiz
Continent Quiz
2010
FIFA
Qualified
south
South Africa
team
Today's Top Quizzes in Sports
Browse Sports
hide this ad
Today's Top Quizzes in Continent
Browse Continent
Top Contributed Quizzes in Sports
1
2022 World Cup Stars
2
Les meilleurs buteurs des matchs entre le PSG et l’OM
3
FIFA Club World Cup Champions
4
Les entraîneurs de l'OM et du PSG au 21e siècle
5
Criteria MLB: Left Handed Sluggers
6
AFC Teams Reveal (Wrong Answers Minefield)
7
2023 MLB Unique Player Accomplishments
8
Players with Multiple 50 Home Run Seasons
9
5-to-1: FBS Animal Nicknames
10
5-to-1: UK Sports Teams
Explore More
Trending Topics
Kpop
Anime
NBA
Disney
Harry Potter
Crossword
Marvel
Soccer
Country
WWE
The Office
Pokémon
Song
NFL
Puzzle
hide this ad
More By:
MrAdamHill
Quiz
Plays
Rating
Category
Featured
Created
Premier League Foreign Players by Country
2,951
3.54
Sports
Nov 23, 2009
All time UEFA Champions League clubs
1,609
3.50
Sports
Oct 18, 2009
McLaren F1 Race Winners
1,594
4.20
Sports
Oct 19, 2009
Ferrari F1 Race winners
1,098
2.75
Sports
Nov 1, 2009
Best selling brands (UK)
850
3.86
Miscellaneous
Oct 12, 2009
Go to Creator's Profile
Score Distribution
Quiz Creator Spotlight
MrAdamHill
Follow
Send a Message
Quizzes Created
-
Created Quiz Play Count
-
More By This Creator
Popular Quizzes Today
1
Find the US States - No Outlines Minefield
2
Find the Countries of Europe - No Outlines Minefield
3
The Countries of the World
4
Find the US States
5
Risky Map Clicking: Biggest States A-Z
6
US States
7
Popular People in 1961
8
Movies - When Are They Set?
More Sports Quizzes
'N' to 'R' NBA Hall of Famers Box
Quiz Lab
Trending Quizzes
Risky Map Clicking: Least Populous States A-Z
1-10 Letter G Words
1-10 Letter F Words
Risky Map Clicking: Next State Alphabetically
Adjectives in 80s TV Shows
Recently Updated
Leaping Animals
pecheneg
Reality TV Shows (A-Z)
bhenderson79
Rickey Henderson's Hall of Fame Teammates
pecheneg
Champions League XIs: Arsenal
pecheneg
Quick Pick: Celebrities in WWE's Hall of Fame
aduchscher
A-Z Keypad Blitz II
pecheneg
Multiple Oscar Actors
pecheneg
Mystery Phrase Blitz: Oscar 'Best Actors'
pecheneg
F. Scott Fitzgerald Novels
LTH
Pick 3 Villains
ddd62291
Trending Topics
Kpop
NBA
Anime
Marvel
Crossword
Disney
Harry Potter
Country
Song
NFL
Pokémon
Soccer
The Office
Puzzle
WWE
Your Account Isn't Verified!
In order to create a playlist on Sporcle, you need to verify the email address you used during registration. Go to your
Sporcle Settings
to finish the process.
Report this User
Report this user for behavior that violates our
Community Guidelines
.
Details:
Send Report
Go to the Sporcle.com Mobile Site →
Comments